| 000 | 01612cam a22002655a 4500 | ||
|---|---|---|---|
| 001 | 16050385 | ||
| 005 | 20170111145841.0 | ||
| 008 | 100111t2011 moua frbd 001 0 eng d | ||
| 020 | _a9780323062060 (hc : alk. paper) | ||
| 020 | _a0323062067 (hc : alk. paper) | ||
| 040 |
_aDNLM/DLC _cDLC _dYDX _dBTCTA _dNLM _dYDXCP _dJAA _dPAU _dDLC _dEG-ScBUE _dEG-ScBUE _beng |
||
| 082 | 0 | 4 |
_222 _a617.605 _bPRI |
| 245 | 0 | 0 |
_aPrinciples and practice of laser dentistry / _c[edited by] Robert A. Convissar. |
| 260 |
_aMissouri : _bMosby / Elsevier, _cc.2011. |
||
| 300 |
_axxii, 328 p. : _bill. (col.) ; _c28 cm. |
||
| 500 | _aGlossary : p. 315-318. | ||
| 500 | _aIndex : p. 319-328. | ||
| 504 | _aIncludes bibliographical references. | ||
| 505 | 0 | _aEinstein's "splendid light" : origins and dental applications -- Laser fundamentals -- Laser-assisted non-surgical periodontal therapy -- Lasers in surgical periodontics -- Regenerative laser periodontal therapy -- Oral surgery for the general practitioner -- Lasers in implant dentistry -- Lasers in fixed prosthetic and cosmetic reconstruction -- Laser enhanced removable prosthetic reconstruction -- Lasers in endodontics -- Lasers in restorative dentistry -- Lasers in pediatric dentistry -- Soft tissue laser in orthodontics -- Lasers in major oral and maxillofacial surgery procedures -- Low level lasers in dentistry -- Introducing lasers into the dental practice -- Laser dentistry research. | |
| 650 | 0 |
_aLasers in dentistry. _2BUEsh _939935 |
|
| 651 | _2BUEsh | ||
| 653 |
_bDDent _cMarch2016 _cJanuary2017 |
||
| 700 | 1 |
_aConvissar, Robert A., _eeditor. |
|
| 942 | _2ddc | ||
| 999 |
_c21341 _d21313 |
||